| 000 | 01130cab a22002055a 4500 | ||
|---|---|---|---|
| 001 | L145567 | ||
| 008 | 081022e20080926xxk f v 000 0 eng d | ||
| 035 | _a(Sirsi) u145567 | ||
| 041 | 0 | _aeng | |
| 100 | 1 | _aGordon, Warren | |
| 245 | 0 | 0 | _aRiddle of the road |
| 260 | _c2008 | ||
| 490 | 0 |
_aProperty Week _v73(39) 26 September 2008, 94(1) |
|
| 520 | _aSummarises the case of Field Common Ltd v Elmbridge Borough Council [2008] EWHC 2079 (Ch), 27 August 2008 (see L145564). Constructing a road over another's land without permission may lead to the developer being liable for those who unlawfully use the road. The case concerned a case of trespass by a local council who tarmacked land without consent when widening a road, and how the damages for the trespass should be assessed. It was held that the council had encouraged nearby tenants of an industrial estate to trespass and the damages should reflect the extra rent the freeholder could have charged. | ||
| 590 | _aKA | ||
| 650 | 2 | 4 | _aFIELD COMMON LTD V ELMBRIDGE BOROUGH COUNCIL |
| 651 | 4 |
_aEngland and Wales _y1543- |
|
| 690 |
_aBoundary disputes _96221 |
||
| 942 | _n0 | ||
| 999 |
_c80880 _d80880 |
||